|
|
|
|
| LEADER |
00000nab a2200000ua 4500 |
| 001 |
vtls010751169 |
| 003 |
SK-MaSNL |
| 005 |
20260304201923.0 |
| 008 |
250718s1998 xo |||||||||||||||||slo| |
| 035 |
|
|
|a (urnnbn)urn:nbn:sk:snk:ar-a02hvl
|
| 035 |
|
|
|a (uuid)c6caff81-043e-4e0b-98f9-e3bbf0874b6f
|
| 035 |
|
|
|a urn:nbn:sk:snk-ab4gmy
|
| 040 |
|
|
|a SNKBUCL
|b slo
|c SNKBUCL
|e AACR2
|
| 041 |
0 |
|
|a slo
|
| 044 |
|
|
|a xo
|c SK
|
| 100 |
1 |
|
|a Stevensová, Sandy
|4 aut
|9 1533740
|
| 245 |
1 |
0 |
|a NetWare 3.2
|c Sandy Stevensová
|
| 773 |
0 |
|
|t InfoWare : magazín IT profesionálov
|g Roč. 2, č. 10 (1998), s. 20-23
|
| 850 |
|
|
|a Slovenská národná knižnica
|
| 852 |
|
|
|a Slovenská národná knižnica
|
| 954 |
|
|
|a odborná, vedecká literatúra pôvodná (slovenská)
|2 lita
|
| 958 |
|
|
|a article3
|
| 958 |
|
|
|a OND
|
| 958 |
|
|
|a EUIPO
|
| 999 |
|
|
|c 3099230
|d 3101160
|